| 000 | 00412 a2200169 4500 | ||
|---|---|---|---|
| 999 |
_c313913 _d313913 |
||
| 001 | 78840 | ||
| 003 | NUST | ||
| 005 | 20180119183444.0 | ||
| 008 | 180119b xxu||||| |||| 00| 0 eng d | ||
| 020 | _a9780760712795 | ||
| 082 | _a355.00922 LAN | ||
| 100 |
_aMichael Lee Lanning _99114 |
||
| 245 |
_aMilitary 100 _hEnglish _bMilitary |
||
| 250 | _a1 | ||
| 260 |
_aNew york _bBarnes and noble _c2000 |
||
| 300 | _axii 372 | ||
| 500 | _aGeneral Books | ||
| 505 | _aGifted Books | ||
| 942 |
_aCAENUST _cBK _k355.00922 LAN _2ddc |
||